000 01097nam0a22002891 4500
001 rc\3996598
005 20250611051349.0
021 _aRU
_b[55-19311]
035 _a(NLR Aleph) 008070797
090 _a9061505
_c9061505
100 _a20130415d1955 |||y0rusy50 ca
101 0 _arus
102 _aRU
105 _ay z |||||
200 1 _aПрививки против детских заразных болезней
_fМ-во здравоохранения МССР. Респ. дом сан. просвещения
210 _aКишинев
_cГосиздат Молдавии
_d1955
215 _a8 с.
_d17
300 _aПеред загл. авт.: проф. С.Н. Розанов
300 _aНа обл. авт. не указан
606 _aПрививки предохранительные
_2psbo
606 _aДетские болезни, инфекционные
_2psbo
700 1 _aРозанов
_bС.Н.
_gСергей Николаевич
801 0 _aRU
_bNLR
_gpsbo
801 1 _aRU
_bELAR
_2rusmarc
852 _aNLR
_jМд96 Г-2/1279
942 _cBOOK
980 _aNB